Galeria biográfica de artistas españoles del siglo XIX / (Record no. 161147)
[ view plain ]
| 000 -LEADER | |
|---|---|
| campo de control de longitud fija | 00723nam a22001935i 4500 |
| 001 - NÚMERO DE CONTROL | |
| campo de control | 161147 |
| 003 - IDENTIFICADOR DE NÚMERO DE CONTROL | |
| campo de control | ES-MaACL |
| 005 - FECHA Y HORA DE LA ÚLTIMA TRANSACCIÓN | |
| campo de control | 20250718063333.0 |
| 008 - DATOS DE LONGITUD FIJA--INFORMACIÓN GENERAL | |
| campo de control de longitud fija | 950206m18681870sp |||| | spa d |
| 040 ## - FUENTE DE CATALOGACIÓN | |
| Centro catalogador/agencia de origen | CLM |
| Lengua de catalogación | spa |
| Centro/agencia transcriptor | CCPB | PA2 |
| 100 1# - ENTRADA PRINCIPAL--NOMBRE DE PERSONA | |
| Nombre de persona | Ossorio y Bernard, Manuel, |
| Fechas asociadas al nombre | 1839-1904 |
| 9 (RLIN) | 137729 |
| 245 10 - MENCIÓN DEL TÍTULO | |
| Título | Galeria biográfica de artistas españoles del siglo XIX / |
| Mención de responsabilidad, etc. | por Manuel Ossorio y Bernard. |
| 260 ## - PUBLICACIÓN, DISTRIBUCIÓN, ETC. | |
| Lugar de publicación, distribución, etc. | Madrid : |
| Nombre del editor, distribuidor, etc. | [s.n.], |
| Fecha de publicación, distribución, etc. | 1868-1869 ( |
| Fabricante | Imprenta a cargo de Ramon Moreno) |
| 300 ## - DESCRIPCIÓN FÍSICA | |
| Extensión | 2 v.(XI, 381 p.; 291, 22, 26 p.) ; |
| Dimensiones | 24 cm. |
| 596 #1 - NOTA AL PIE DE IMPRENTA | |
| NOTA AL PIE DE IMPRENTA | Fecha en cub.: 1870. |
| 650 #4 - PUNTO DE ACCESO ADICIONAL DE MATERIA--TÉRMINO DE MATERIA | |
| Término de materia o nombre geográfico como elemento de entrada | Artistas- |
| Subdivisión geográfica | España- |
| Subdivisión cronológica | S.XIX- |
| Subdivisión de forma | Biografías. |
| 9 (RLIN) | 135630 |
| 852 ## - LOCALIZACIÓN | |
| Ubicación | ES-MaACL |
| Número de control de estantería | B-2158 |
| Nota libre | -- Enc. hol. |
| Estatus retirado | Estado de pérdida | Estado de daño | No para préstamo | Colección | Biblioteca de origen | Biblioteca actual | Ubicación en estantería | Fecha de adquisición | Fuente de adquisición | Total de préstamos | Signatura topográfica completa | Código de barras | Visto por última vez | Precio de reemplazo | Tipo de ítem Koha |
|---|---|---|---|---|---|---|---|---|---|---|---|---|---|---|---|
| Libros del s. XIX | Biblioteca del Ateneo de Madrid | Biblioteca del Ateneo de Madrid | Sala Pardo Bazán | 17/01/2008 | B-2158 | 1168786 | 23/02/2023 | 23/02/2023 | Libro impreso antiguo |
